Đặc điểm nghệ thuật truyện cười dân gian Việt Nam Luận văn tốt nghiệp Đại học Sư phạm ngành Văn khóa 19
Gespeichert in:
| 1. Verfasser: | |
|---|---|
| Format: | Buch |
| Sprache: | Undetermined |
| Veröffentlicht: |
Cần Thơ
Trường Đại học Cần Thơ, Khoa Sư phạm, Bộ môn Ngữ văn
1997
|
| Schlagworte: | |
| Tags: |
Tag hinzufügen
Keine Tags, Fügen Sie den ersten Tag hinzu!
|
| Thư viện lưu trữ: | Trung tâm Học liệu Trường Đại học Cần Thơ |
|---|
| LEADER | 00710nam a2200181Ia 4500 | ||
|---|---|---|---|
| 001 | CTU_33392 | ||
| 008 | 210402s9999 xx 000 0 und d | ||
| 082 | |a 808.7 | ||
| 082 | |b H561/1997 | ||
| 100 | |a Trần Thị Ngọc Hương | ||
| 245 | 0 | |a Đặc điểm nghệ thuật truyện cười dân gian Việt Nam | |
| 245 | 0 | |b Luận văn tốt nghiệp Đại học Sư phạm ngành Văn khóa 19 | |
| 245 | 0 | |c Trần Thị Ngọc Hương | |
| 260 | |a Cần Thơ | ||
| 260 | |b Trường Đại học Cần Thơ, Khoa Sư phạm, Bộ môn Ngữ văn | ||
| 260 | |c 1997 | ||
| 650 | |a wit and humor | ||
| 980 | |a Trung tâm Học liệu Trường Đại học Cần Thơ | ||